00968 2200313 4500001002100000005001500021035002500036008004100061020002200102040001200124041000800136082001600144084001800160090002200178090002200200100003200222245011600254260004000370300006000410504003300470650001800503700002700521700002500548850001200573007000300585999002200588990002200610990002200632INLIS00000000003486820191209092517 a0010-041800000000047180402s2017 yoia g ind d a978-979-29-6109-6 aYOPDYOG0 aind04223a636.293 a636.293 Rah W aDEP 636.293 Rah W aCB-D.11 2017-23830 aRahmat Rukmana,cH.,d1957-1 aWirausaha ternak kerbau secara intensif /cH. Rahmat Rukmana, H. Herdi Yudirachman; editor, Fl. Sigit Suyantoro aYogyakarta :bLily Publisher,c2017 aviii, 182 halaman :bilustrasi, foto berwarna ;c23 cm. aBibliografi: halaman 175-178 4aTernak kerbau0 aHerdi Yudirachman,cH.1 aSigit Suyantoro, FL. aYOPDYOGta aCB-D.11/2017-2383 aCB-D.11/2017-2383 aCB-D.11/2017-2383